Alternatívne detegovanie a usmerňovanie vlákien vo vláknobetóne
Enregistré dans:
| Auteur principal: | |
|---|---|
| Autres auteurs: | |
| Format: | Manuscrit Livre |
| Langue: | slovaque |
| Publié: |
2021
|
| Sujets: | |
| Accès en ligne: | http://is.stuba.sk/zp/portal_zp.pl?podrobnosti_zp=84958 |
| Tags: |
Pas de tags, Soyez le premier à ajouter un tag!
|
MARC
| LEADER | 00000ntm a22000003a 4500 | ||
|---|---|---|---|
| 001 | stuzp84958 | ||
| 003 | SK-STU | ||
| 005 | 20211030210242.8 | ||
| 007 | ta | ||
| 008 | 150427s2015----xo-----f-mn---000-0-slo-d | ||
| 040 | |a STU |b slo | ||
| 041 | 0 | |a slo | |
| 100 | 1 | |a Ďubek, Marek |u 010270 |k Z1 |4 aut |U SvF Stavebná fakulta |T SvF Katedra technológie stavieb |X 20818 |U V270 |Y 28 |7 A000020818 | |
| 242 | 0 | 1 | |a Alternative detection and routing of fibers in fiber feinforced concrete |y eng |
| 245 | 1 | 0 | |a Alternatívne detegovanie a usmerňovanie vlákien vo vláknobetóne |
| 260 | |c 2021 | ||
| 650 | 4 | |a rozptýlenie |2 slo | |
| 650 | 4 | |a vláknobetón |2 slo | |
| 650 | 4 | |a orientácia |2 slo | |
| 650 | 4 | |a fiber reinforced concrete |2 eng | |
| 650 | 4 | |a dispersion |2 eng | |
| 650 | 4 | |a orientation |2 eng | |
| 700 | 1 | |a , |4 ths |X null |7 null | |
| 856 | 4 | |u http://is.stuba.sk/zp/portal_zp.pl?podrobnosti_zp=84958 | |
| 996 | |b 284V037609 |c V* 3488/HP-250 |l VVS |s P |a 0 |w stuzp84958_0001 | ||